000 00912cam a22001814a 4500
005 20250605164356.0
008 250528s ||||||||||||||||||||||||d
035 _a24347
040 _aGR-AtMCL
_bgre
_dGR-AtMCL
_eAACR2
245 1 _aΗ Αγκαλιά / Σύλλογος Προστασίας Αγέννητου Παιδιού
260 _bΣύλλογος Προστασίας Αγέννητου Παιδιού - Η Αγκαλιά,
_c2013
300 _a18
520 _aΤα Εγκαίνια του Σπιτιού της Αγκαλιάς, Ευρωπαϊκή Κίνηση Πολιτών ΕΝΑΣ ΑΠΟ ΕΜΑΣ - ONE OF US, Η Εικόνα της Οικογένειας στην Ελλάδα Σήμερα, Απολογισμός και Εκθέσεις Πεπραγμένων του 2012.
700 1 _aΜεταλληνού Βαρβάρα
_99450
942 _cCR
999 _c9235
_d9235